10 CLOWNS DON T MAKE A CIRCUS (Record no. 11726)

MARC details
000 -LEADER
fixed length control field 00344nam a2200133Ia 4500
008 - FIXED-LENGTH DATA ELEMENTS--GENERAL INFORMATION
fixed length control field 240624s9999 xx 000 0 und d
041 ## - LANGUAGE CODE
Language code of text/sound track or separate title eng
082 ## - DEWEY DECIMAL CLASSIFICATION NUMBER
Classification number 658.4 SCH
100 ## - MAIN ENTRY--PERSONAL NAME
Personal name SCHRAGIS STEVEN
245 ## - TITLE STATEMENT
Title 10 CLOWNS DON T MAKE A CIRCUS
260 ## - PUBLICATION, DISTRIBUTION, ETC.
Date of publication, distribution, etc. 2006
Place of publication, distribution, etc. Massachusetts
Name of publisher, distributor, etc. Adams Media
300 ## - PHYSICAL DESCRIPTION
Extent iv, : 298 : p. : cm. ; 17
365 ## - TRADE PRICE
Currency code
Price amount 20
Holdings
Withdrawn status Lost status Damaged status Not for loan Home library Current library Shelving location Date acquired Source of acquisition Cost, normal purchase price Total Checkouts Total Holds Full call number Barcode Date due Date last seen Date last checked out Copy number Price effective from Koha item type
        IMTN IMTN Rack 28-A 11/18/2008 WBD 14.95 1 547 658.4 SCH 11726 07/23/2025 07/13/2025 07/13/2025 51.2 06/24/2024 Books
Designed & Maintained by: LRC IMT Nagpur Contact: lrc@imtnag.ac.in© 2024. All Rights Reserved.